| 000 | 01039nam a22002297a 4500 | ||
|---|---|---|---|
| 999 |
_c12050 _d12050 |
||
| 003 | AR-CdUCM | ||
| 008 | 190405b ||||| |||| 00| 0 spa d | ||
| 040 |
_aMUNICIPALIDAD PROVINCIAL DEL CUSCO _cBIBLIOTECA MUNICIPAL DEL CUSCO |
||
| 082 |
_a708.85 / _bV21 / 1951 |
||
| 110 |
_aInstituto de investigaciones de arte Peruano y Americano _929620 |
||
| 245 | _aValiosa techumbre historiada de la facultad de letras de la universidad de San Marcos / : | ||
| 260 |
_aLima : _bPublicaciones del instituto de investigaciones e arte Peruano y americano, _c1951. |
||
| 300 |
_a65 paginas ; _bIlustraciones, _c21 cm. |
||
| 440 |
_aDocumentos del arte Peruano _nXIII _929709 |
||
| 505 | _aContenido : Síntesis histórica del salón de grados de la facultad de letras -- ¿Quienes realizaron esta obra? --Fecha de ejecución -- Clasificación estructural. | ||
| 650 |
_aUniversidad Nacional _929710 |
||
| 650 |
_aSan Marcos _93584 |
||
| 650 |
_aFundación _99095 |
||
| 650 |
_aCreación _93051 |
||
| 942 |
_2ddc _cLIBROS |
||
| 945 |
_awnts _d2019-04-05 |
||